000 00657nam a2200205Ii 4500
003 JO-AjNU
008 230605s9999||||xx |||||||||||||| ||und||
040 _aJO-AjNU
_bara
_erda
_cJO-AjNU
041 _aara
050 1 4 _aKRM 690
100 3 _aمحمد، محمود عبد الرحمن ,
_eauthor
_944765
245 0 0 _aالوجيز في عقد الإيجار
250 _a(د،ط)
264 3 1 _aالقاهرة : دار النهضة العربية ، 1900
300 _a272ص
336 _atext
_btxt
_2rdacontent
337 _aunmediated
_bn
_2rdamedia
338 _avolume
_bnc
_2rdacarrier
650 4 _aالعقود -- عقد الايجار
_944766
999 _aA19354
_c22922
_d22922